{"text_format":"3","workbook":"xlsx","n_sheets":1,"sheets":["t205"],"read":"whole","date_system":"1900"}

{"sheet":"t205","index":0,"n_rows":213,"n_cols":7,"rows_kept":213,"merged":[[0,0,0,6],[28,0,28,5],[43,0,43,5],[160,0,160,5]]}
["TABELA 205.1 - Estatísticas Agrícolas, Município de Guarantã, Estado de São Paulo, 2016/17."]
["ITEM","UNIDADE","N.DE UPAs","MÍNIMO","MÉDIO","MÁXIMO","TOTAL"]
["Distância à sede do município","km",344,{"v":0,"d":"0.0"},{"v":8.33,"d":"8.3"},{"v":40,"d":"40.0"},"-"]
["Área total","hectare",344,{"v":2,"d":"2.0"},115.9,{"v":2606.3,"d":"2,606.3"},{"v":39869.13,"d":"39,869.1"}]
["Área com cultura perene","hectare",76,0.1,34.8,{"v":314,"d":"314.0"},{"v":2644.5,"d":"2,644.5"}]
["Área com cultura temporária","hectare",127,0.1,{"v":69.61,"d":"69.6"},{"v":2329.4,"d":"2,329.4"},{"v":8840.6,"d":"8,840.6"}]
["Área com pastagem","hectare",301,0.5,{"v":65.67,"d":"65.7"},{"v":1737.7,"d":"1,737.7"},{"v":19767.9,"d":"19,767.9"}]
["Área com reflorestamento","hectare",77,0.5,{"v":35.75,"d":"35.8"},387.2,{"v":2753,"d":"2,753.0"}]
["Área com vegetação natural","hectare",111,0.2,{"v":33.02,"d":"33.0"},597.7,{"v":3665.44,"d":"3,665.4"}]
["Área com vegetação de brejo e várzea","hectare",80,0.7,20.5,{"v":150,"d":"150.0"},{"v":1639.78,"d":"1,639.8"}]
["Área em descanso","hectare",5,{"v":1,"d":"1.0"},{"v":32.16,"d":"32.2"},96.8,160.8]
["Área complementar","hectare",132,0.1,{"v":3.01,"d":"3.0"},{"v":50,"d":"50.0"},{"v":397.11,"d":"397.1"}]
["Área das UPAs com (0, 1] ha","hectare","-","-","-","-","-"]
["Área das UPAs com (1, 2] ha","hectare",1,{"v":2,"d":"2.0"},{"v":2,"d":"2.0"},{"v":2,"d":"2.0"},{"v":2,"d":"2.0"}]
["Área das UPAs com (2, 5] ha","hectare",11,2.4,{"v":3.55,"d":"3.6"},4.3,{"v":39,"d":"39.0"}]
["Área das UPAs com (5, 10] ha","hectare",5,6.7,{"v":8.46,"d":"8.5"},9.7,42.3]
["Área das UPAs com (10, 20] ha","hectare",181,10.9,{"v":15.53,"d":"15.5"},19.1,{"v":2811.3,"d":"2,811.3"}]
["Área das UPAs com (20, 50] ha","hectare",39,20.5,{"v":33.94,"d":"33.9"},{"v":49.71,"d":"49.7"},{"v":1323.49,"d":"1,323.5"}]
["Área das UPAs com (50, 100] ha","hectare",28,50.8,{"v":76.25,"d":"76.3"},98.2,{"v":2135.09,"d":"2,135.1"}]
["Área das UPAs com (100, 200] ha","hectare",32,101.6,{"v":143.32,"d":"143.3"},{"v":200,"d":"200.0"},{"v":4586.35,"d":"4,586.4"}]
["Área das UPAs com (200, 500] ha","hectare",28,203.2,{"v":351.77,"d":"351.8"},496.1,{"v":9849.47,"d":"9,849.5"}]
["Área das UPAs com (500, 1.000] ha","hectare",14,520.3,714.9,{"v":978,"d":"978.0"},{"v":10008.63,"d":"10,008.6"}]
["Área das UPAs com (1.000, 2.000] ha","hectare",3,{"v":1249.8,"d":"1,249.8"},{"v":1300,"d":"1,300.0"},{"v":1375,"d":"1,375.0"},{"v":3900,"d":"3,900.0"}]
["Área das UPAs com (2.000, 5.000] ha","hectare",2,{"v":2565.2,"d":"2,565.2"},{"v":2585.75,"d":"2,585.8"},{"v":2606.3,"d":"2,606.3"},{"v":5171.5,"d":"5,171.5"}]
["Área das UPAs com (5.000, 10.000] ha","hectare","-","-","-","-","-"]
["Área das UPAs acima de 10.000 ha","hectare","-","-","-","-","-"]
["Fonte: Secretaria de Agricultura e Abastecimento, CDRS/IEA, Projeto LUPA."]
[]
["TABELA 205.2 - Explorações Animais, Município de Guarantã, Estado de São Paulo, 2016/17."]
["ITEM","UNIDADE","N.DE UPAs","MÍNIMO","MÉDIO","MÁXIMO","TOTAL"]
["Apicultura","colmeias",2,{"v":25,"d":"25.0"},27.5,{"v":30,"d":"30.0"},{"v":55,"d":"55.0"}]
["Asininos e muares","cabecas",21,{"v":1,"d":"1.0"},{"v":4.81,"d":"4.8"},{"v":25,"d":"25.0"},{"v":101,"d":"101.0"}]
["Avicultura ornamental/decorativa/exotica","cabecas",1,{"v":2500,"d":"2,500.0"},{"v":2500,"d":"2,500.0"},{"v":2500,"d":"2,500.0"},{"v":2500,"d":"2,500.0"}]
["Avicultura para ovos","cabecas",2,{"v":20000,"d":"20,000.0"},{"v":126000,"d":"126,000.0"},{"v":232000,"d":"232,000.0"},{"v":252000,"d":"252,000.0"}]
["Bovinocultura de corte","cabecas",145,{"v":3,"d":"3.0"},{"v":205.78,"d":"205.8"},{"v":3000,"d":"3,000.0"},{"v":29838,"d":"29,838.0"}]
["Bovinocultura leiteira","cabecas",88,{"v":1,"d":"1.0"},{"v":23.75,"d":"23.8"},{"v":219,"d":"219.0"},{"v":2090,"d":"2,090.0"}]
["Bovinocultura mista","cabecas",43,{"v":1,"d":"1.0"},{"v":21.26,"d":"21.3"},{"v":100,"d":"100.0"},{"v":914,"d":"914.0"}]
["Caprinocultura","cabecas",2,{"v":2,"d":"2.0"},4.5,{"v":7,"d":"7.0"},{"v":9,"d":"9.0"}]
["Equinocultura","cabecas",162,{"v":1,"d":"1.0"},{"v":5.22,"d":"5.2"},{"v":70,"d":"70.0"},{"v":845,"d":"845.0"}]
["Ovinocultura","cabecas",22,{"v":1,"d":"1.0"},{"v":24.23,"d":"24.2"},{"v":260,"d":"260.0"},{"v":533,"d":"533.0"}]
["Suinocultura","cabecas",44,{"v":1,"d":"1.0"},9.5,{"v":50,"d":"50.0"},{"v":418,"d":"418.0"}]
["Fonte: Secretaria de Agricultura e Abastecimento, CDRS/IEA, Projeto LUPA."]
[]
["TABELA 205.3 -  Máquinas, Implementos e Benfeitorias, Município de Guarantã, Estado de São Paulo, 2016/17."]
["ITEM","UNIDADE","N.DE UPAs","MÍNIMO","MÉDIO","MÁXIMO","TOTAL"]
["Arado comum (bacia, aiveca)","unidade",61,{"v":1,"d":"1.0"},1.1,{"v":4,"d":"4.0"},{"v":67,"d":"67.0"}]
["Arado escarificador","unidade",5,{"v":1,"d":"1.0"},1.6,{"v":3,"d":"3.0"},{"v":8,"d":"8.0"}]
["Arado subsolador","unidade",14,{"v":1,"d":"1.0"},{"v":1.14,"d":"1.1"},{"v":3,"d":"3.0"},{"v":16,"d":"16.0"}]
["Batedeira de cereais","unidade",1,{"v":1,"d":"1.0"},{"v":1,"d":"1.0"},{"v":1,"d":"1.0"},{"v":1,"d":"1.0"}]
["Carregadeira de cana","unidade",3,{"v":1,"d":"1.0"},{"v":1,"d":"1.0"},{"v":1,"d":"1.0"},{"v":3,"d":"3.0"}]
["Carreta de trator","unidade",80,{"v":1,"d":"1.0"},{"v":1.61,"d":"1.6"},{"v":7,"d":"7.0"},{"v":129,"d":"129.0"}]
["Colhedeira acoplada","unidade",8,{"v":1,"d":"1.0"},{"v":2.63,"d":"2.6"},{"v":6,"d":"6.0"},{"v":21,"d":"21.0"}]
["Computador","unidade",21,{"v":1,"d":"1.0"},{"v":1.43,"d":"1.4"},{"v":4,"d":"4.0"},{"v":30,"d":"30.0"}]
["Conj.irrigacao autopropelido","unidade",1,{"v":1,"d":"1.0"},{"v":1,"d":"1.0"},{"v":1,"d":"1.0"},{"v":1,"d":"1.0"}]
["Conj.irrigacao convencional","unidade",6,{"v":1,"d":"1.0"},{"v":2.17,"d":"2.2"},{"v":5,"d":"5.0"},{"v":13,"d":"13.0"}]
["Conj.irrigacao/gotejamento/microaspersao","unidade",22,{"v":1,"d":"1.0"},{"v":1.32,"d":"1.3"},{"v":5,"d":"5.0"},{"v":29,"d":"29.0"}]
["Desintegrador, picador, triturador","unidade",93,{"v":1,"d":"1.0"},{"v":1.08,"d":"1.1"},{"v":3,"d":"3.0"},{"v":100,"d":"100.0"}]
["Distribuidor de calcario","unidade",28,{"v":1,"d":"1.0"},1.5,{"v":5,"d":"5.0"},{"v":42,"d":"42.0"}]
["Embarcação","unidade",3,{"v":1,"d":"1.0"},{"v":1,"d":"1.0"},{"v":1,"d":"1.0"},{"v":3,"d":"3.0"}]
["Ensiladeira","unidade",15,{"v":1,"d":"1.0"},{"v":1.27,"d":"1.3"},{"v":2,"d":"2.0"},{"v":19,"d":"19.0"}]
["Grade aradora (tipo romi)","unidade",38,{"v":1,"d":"1.0"},{"v":1.11,"d":"1.1"},{"v":2,"d":"2.0"},{"v":42,"d":"42.0"}]
["Grade niveladora","unidade",67,{"v":1,"d":"1.0"},{"v":1.12,"d":"1.1"},{"v":4,"d":"4.0"},{"v":75,"d":"75.0"}]
["Implementos para tracao animal","unidade",8,{"v":1,"d":"1.0"},{"v":1.88,"d":"1.9"},{"v":4,"d":"4.0"},{"v":15,"d":"15.0"}]
["Máquina de classificar frutas","unidade",1,{"v":1,"d":"1.0"},{"v":1,"d":"1.0"},{"v":1,"d":"1.0"},{"v":1,"d":"1.0"}]
["Maquina de classificar ovo","unidade",2,{"v":1,"d":"1.0"},{"v":1,"d":"1.0"},{"v":1,"d":"1.0"},{"v":2,"d":"2.0"}]
["Misturador de racao","unidade",6,{"v":1,"d":"1.0"},{"v":1.33,"d":"1.3"},{"v":3,"d":"3.0"},{"v":8,"d":"8.0"}]
["Mmicrotrator","unidade",28,{"v":1,"d":"1.0"},{"v":1.07,"d":"1.1"},{"v":2,"d":"2.0"},{"v":30,"d":"30.0"}]
["Ordenhadeira mecanica","unidade",12,{"v":1,"d":"1.0"},{"v":1,"d":"1.0"},{"v":1,"d":"1.0"},{"v":12,"d":"12.0"}]
["Pulverizador tratorizado","unidade",43,{"v":1,"d":"1.0"},{"v":2.07,"d":"2.1"},{"v":14,"d":"14.0"},{"v":89,"d":"89.0"}]
["Resfriador de leite, tanque expansao","unidade",8,{"v":1,"d":"1.0"},{"v":1.13,"d":"1.1"},{"v":2,"d":"2.0"},{"v":9,"d":"9.0"}]
["Roçadeira tratorizada","unidade",1,{"v":1,"d":"1.0"},{"v":1,"d":"1.0"},{"v":1,"d":"1.0"},{"v":1,"d":"1.0"}]
["Roçadora","unidade",53,{"v":1,"d":"1.0"},{"v":1.62,"d":"1.6"},{"v":8,"d":"8.0"},{"v":86,"d":"86.0"}]
["Semeadeira/adubadeira para plantio convencional","unidade",23,{"v":1,"d":"1.0"},{"v":1.22,"d":"1.2"},{"v":2,"d":"2.0"},{"v":28,"d":"28.0"}]
["Semeadeira/plantadeira plantio direto","unidade",6,{"v":1,"d":"1.0"},{"v":1.17,"d":"1.2"},{"v":2,"d":"2.0"},{"v":7,"d":"7.0"}]
["Tanque rede","m3",1,{"v":3,"d":"3.0"},{"v":3,"d":"3.0"},{"v":3,"d":"3.0"},{"v":3,"d":"3.0"}]
["Tecnologias de gps para controle de máquinas","unidade",1,{"v":1,"d":"1.0"},{"v":1,"d":"1.0"},{"v":1,"d":"1.0"},{"v":1,"d":"1.0"}]
["Terraceador","unidade",10,{"v":1,"d":"1.0"},{"v":1,"d":"1.0"},{"v":1,"d":"1.0"},{"v":10,"d":"10.0"}]
["Trator de esteiras","unidade",2,{"v":1,"d":"1.0"},{"v":1,"d":"1.0"},{"v":1,"d":"1.0"},{"v":2,"d":"2.0"}]
["Trator de pneus  acima de 85 cv","unidade",37,{"v":1,"d":"1.0"},1.7,{"v":7,"d":"7.0"},{"v":63,"d":"63.0"}]
["Trator de pneus até 65 cv","unidade",61,{"v":1,"d":"1.0"},{"v":1.21,"d":"1.2"},{"v":7,"d":"7.0"},{"v":74,"d":"74.0"}]
["Trator de pneus de 66 cv a 85 cv","unidade",50,{"v":1,"d":"1.0"},2.1,{"v":16,"d":"16.0"},{"v":105,"d":"105.0"}]
["Acude/represa","unidade",68,{"v":1,"d":"1.0"},2.5,{"v":17,"d":"17.0"},{"v":170,"d":"170.0"}]
["Almoxarifado/oficina","unidade",26,{"v":1,"d":"1.0"},{"v":1.23,"d":"1.2"},{"v":3,"d":"3.0"},{"v":32,"d":"32.0"}]
["Armazem para graos ensacados","sacas",10]
["Balanca para bovinos","unidade",16,{"v":1,"d":"1.0"},{"v":1,"d":"1.0"},{"v":1,"d":"1.0"},{"v":16,"d":"16.0"}]
["Balanca para veiculos","unidade",2,{"v":1,"d":"1.0"},{"v":1,"d":"1.0"},{"v":1,"d":"1.0"},{"v":2,"d":"2.0"}]
["Barracao para bicho da seda/sirgaria","unidade",6,{"v":1,"d":"1.0"},{"v":1,"d":"1.0"},{"v":1,"d":"1.0"},{"v":6,"d":"6.0"}]
["Barracao para granja/avicultura","unidade",23,{"v":1,"d":"1.0"},{"v":3.39,"d":"3.4"},{"v":45,"d":"45.0"},{"v":78,"d":"78.0"}]
["Barracao/galpao/garagem","unidade",97,{"v":1,"d":"1.0"},{"v":1.35,"d":"1.4"},{"v":5,"d":"5.0"},{"v":131,"d":"131.0"}]
["Biodigestor","unidade",2,{"v":2,"d":"2.0"},{"v":2,"d":"2.0"},{"v":2,"d":"2.0"},{"v":4,"d":"4.0"}]
["Casa de moradia habitada","unidade",268,{"v":1,"d":"1.0"},{"v":1.46,"d":"1.5"},{"v":13,"d":"13.0"},{"v":392,"d":"392.0"}]
["Casa de moradia total","unidade",298,{"v":1,"d":"1.0"},{"v":1.87,"d":"1.9"},{"v":38,"d":"38.0"},{"v":557,"d":"557.0"}]
["Curral/mangueira","unidade",222,{"v":1,"d":"1.0"},{"v":1.05,"d":"1.1"},{"v":3,"d":"3.0"},{"v":233,"d":"233.0"}]
["Deposito/tulha","unidade",104,{"v":1,"d":"1.0"},{"v":1.24,"d":"1.2"},{"v":12,"d":"12.0"},{"v":129,"d":"129.0"}]
["Estabulo","unidade",10,{"v":1,"d":"1.0"},1.2,{"v":2,"d":"2.0"},{"v":12,"d":"12.0"}]
["Estacao/posto meteorologico","unidade",2,{"v":1,"d":"1.0"},{"v":1,"d":"1.0"},{"v":1,"d":"1.0"},{"v":2,"d":"2.0"}]
["Estufa/plasticultura","m2",40]
["Fabrica de racao","unidade",7,{"v":1,"d":"1.0"},{"v":1,"d":"1.0"},{"v":1,"d":"1.0"},{"v":7,"d":"7.0"}]
["Instalacoes para equinos","unidade",3,{"v":1,"d":"1.0"},{"v":9,"d":"9.0"},{"v":20,"d":"20.0"},{"v":27,"d":"27.0"}]
["Maquina de beneficio","unidade",3,{"v":1,"d":"1.0"},{"v":1,"d":"1.0"},{"v":1,"d":"1.0"},{"v":3,"d":"3.0"}]
["Pocilga","unidade",27,{"v":1,"d":"1.0"},{"v":1,"d":"1.0"},{"v":1,"d":"1.0"},{"v":27,"d":"27.0"}]
["Poco semi-artesiano","unidade",144,{"v":1,"d":"1.0"},{"v":1.08,"d":"1.1"},{"v":3,"d":"3.0"},{"v":156,"d":"156.0"}]
["Secador de graos","unidade",4,{"v":1,"d":"1.0"},{"v":1,"d":"1.0"},{"v":1,"d":"1.0"},{"v":4,"d":"4.0"}]
["Silo para graos","ton",5]
["Silo para silagem","ton",3]
["Terreiro","m2",11]
["Fonte: Secretaria de Agricultura e Abastecimento, CDRS/IEA, Projeto LUPA."]
[]
["TABELA 205.4 - Outras Estatísticas Agrícolas, Município de Guarantã, Estado de São Paulo, 2016/17."]
["ITEM","Número de UPAs",null,"Percentual"]
["Faz Parte de Associação de Produtores",140,null,{"v":40.69767441860465,"d":"40.7"}]
["Faz Parte de Cooperativa de Produtores",98,null,{"v":28.488372093023255,"d":"28.5"}]
["Faz Parte do Sindicato de Produtores",19,null,{"v":5.523255813953488,"d":"5.5"}]
["Não utiliza assistência técnica ",121,null,{"v":35.174418604651166,"d":"35.2"}]
["Utiliza somente assistência técnica governamental ",159,null,{"v":46.22093023255814,"d":"46.2"}]
["Utiliza somente assistência técnica privada ",25,null,{"v":7.267441860465116,"d":"7.3"}]
["Utiliza assistência técnica tanto governamental quanto privada",39,null,{"v":11.337209302325581,"d":"11.3"}]
["Utiliza Crédito Rural",54,null,{"v":15.69767441860465,"d":"15.7"}]
["Utiliza Seguro Rural",44,null,{"v":12.790697674418604,"d":"12.8"}]
["Utiliza Escrituração Agrícola",169,null,{"v":49.127906976744185,"d":"49.1"}]
["Acessa Internet p/ Fins na Agropecuária",99,null,{"v":28.779069767441857,"d":"28.8"}]
["Utiliza Computador nas Atividades Agropecuárias",101,null,{"v":29.36046511627907,"d":"29.4"}]
["Utiliza Energia Elétrica Para Uso na Atividade Agrícola",264,null,{"v":76.74418604651163,"d":"76.7"}]
["Utiliza Energia Alternativa","-",null,"-"]
["Realiza Análise de Solo, quando necessário",127,null,{"v":36.91860465116279,"d":"36.9"}]
["Realiza Calagem",143,null,{"v":41.56976744186046,"d":"41.6"}]
["Utiliza Práticas de Conservação de Solo, quando necessário",154,null,{"v":44.76744186046511,"d":"44.8"}]
["Faz Adubação Mineral, quando necessário",190,null,{"v":55.23255813953488,"d":"55.2"}]
["Faz Adubação Orgânica, quando necessário",90,null,{"v":26.162790697674417,"d":"26.2"}]
["Faz Adubação Verde, quando necessário",30,null,{"v":8.720930232558139,"d":"8.7"}]
["Utiliza Manejo Integrado de Pragas (MIP)",15,null,{"v":4.36046511627907,"d":"4.4"}]
["Utiliza Hidroponia",1,null,{"v":0.29069767441860467,"d":"0.3"}]
["Utiliza Cultivo em Estufa",40,null,{"v":11.627906976744187,"d":"11.6"}]
["Utiliza Mudas Fiscalizadas",112,null,{"v":32.55813953488372,"d":"32.6"}]
["Utiliza Semente Melhorada",90,null,{"v":26.162790697674417,"d":"26.2"}]
["Faz Confinamento de Bovinos",3,null,{"v":0.872093023255814,"d":"0.9"}]
["Utiliza Pastejo Intensivo",22,null,{"v":6.395348837209302,"d":"6.4"}]
["Faz Inseminação Artificial",14,null,{"v":4.069767441860465,"d":"4.1"}]
["Faz Mineralização do Rebanho",199,null,{"v":57.84883720930233,"d":"57.8"}]
["Faz Vermifugação do Rebanho",199,null,{"v":57.84883720930233,"d":"57.8"}]
["Possui Parceiros /Arrendatários na Exploração Animal",34,null,{"v":9.883720930232558,"d":"9.9"}]
["Existência de trabalhadores c/ deficiência na UPA","-",null,"-"]
["Esporte e lazer",1,null,{"v":0.29069767441860467,"d":"0.3"}]
["Extração mineral","-",null,"-"]
["Hotel Fazenda, Pousada ou SPA","-",null,"-"]
["Pesque-pague",2,null,{"v":0.5813953488372093,"d":"0.6"}]
["Restaurante ou Lanchonete",2,null,{"v":0.5813953488372093,"d":"0.6"}]
["Transformação artesanal","-",null,"-"]
["Turismo rural ou ecoturismo","-",null,"-"]
["Outras atividades econômicas rurais",1,null,{"v":0.29069767441860467,"d":"0.3"}]
["Agroindústria","-",null,"-"]
["Proprietário sem instrução ou com instrução incompleta",10,null,{"v":2.906976744186047,"d":"2.9"}]
["Proprietário com antigo primário completo",34,null,{"v":9.883720930232558,"d":"9.9"}]
["Proprietário com 1° grau (ou antigo ginasial) completo",116,null,{"v":33.72093023255814,"d":"33.7"}]
["Proprietário com 2° grau (ou antigo colegial) completo",90,null,{"v":26.162790697674417,"d":"26.2"}]
["Proprietário com curso superior completo ",88,null,{"v":25.58139534883721,"d":"25.6"}]
["Pessoa Jurídica",6,null,{"v":1.744186046511628,"d":"1.7"}]
["Proprietário residente na própria UPA ",175,null,{"v":50.872093023255815,"d":"50.9"}]
["Fonte: Secretaria de Agricultura e Abastecimento, CDRS/IEA, Projeto LUPA."]
[]
["TABELA 205.5 - Área Cultivada, Município de Guarantã, Estado de São Paulo, 2016/17."]
["CULTURA","N.DE UPAs","MÍNIMO","MÉDIO","MÁXIMO","TOTAL"]
["Braquiaria",299,0.6,{"v":65.73,"d":"65.7"},{"v":1737.7,"d":"1,737.7"},{"v":19652.3,"d":"19,652.3"}]
["Cana-de-acucar finalidade industria",28,{"v":10,"d":"10.0"},{"v":291.23,"d":"291.2"},{"v":2000,"d":"2,000.0"},{"v":8154.3,"d":"8,154.3"}]
["Eucalipto",74,0.5,{"v":37.08,"d":"37.1"},387.2,{"v":2744.2,"d":"2,744.2"}]
["Laranja Industria",13,{"v":15,"d":"15.0"},{"v":141.94,"d":"141.9"},{"v":314,"d":"314.0"},{"v":1845.2,"d":"1,845.2"}]
["Amendoim",1,329.4,329.4,329.4,329.4]
["Cafe",13,0.1,{"v":18.86,"d":"18.9"},{"v":129,"d":"129.0"},245.2]
["Seringueira",10,{"v":1,"d":"1.0"},{"v":19.77,"d":"19.8"},62.4,197.7]
["Melancia",2,{"v":48,"d":"48.0"},84.5,{"v":121,"d":"121.0"},{"v":169,"d":"169.0"}]
["Goiaba",1,91.6,91.6,91.6,91.6]
["Cana-de-acucar outras finalidades",29,0.2,{"v":3.08,"d":"3.1"},{"v":15,"d":"15.0"},89.4]
["Gramas",4,{"v":2,"d":"2.0"},18.1,{"v":65,"d":"65.0"},72.4]
["Laranja destino misto",2,28.2,31.1,{"v":34,"d":"34.0"},62.2]
["Macadamia (ou noz-macadamia)",1,{"v":50,"d":"50.0"},{"v":50,"d":"50.0"},{"v":50,"d":"50.0"},{"v":50,"d":"50.0"}]
["Banana",2,{"v":20,"d":"20.0"},{"v":22,"d":"22.0"},{"v":24,"d":"24.0"},{"v":44,"d":"44.0"}]
["Manga",10,0.5,{"v":4.37,"d":"4.4"},37.7,43.7]
["Milho safra",7,0.1,{"v":5.24,"d":"5.2"},{"v":30,"d":"30.0"},36.7]
["Amora (ou amora-branca)",6,0.5,{"v":3.08,"d":"3.1"},{"v":6,"d":"6.0"},18.5]
["Coloniao",10,0.6,{"v":1.78,"d":"1.8"},{"v":4,"d":"4.0"},17.8]
["Limao",3,0.5,{"v":5.67,"d":"5.7"},{"v":15,"d":"15.0"},{"v":17,"d":"17.0"}]
["Capim-napier (ou capim-elefante)",13,0.5,{"v":1.18,"d":"1.2"},{"v":3,"d":"3.0"},15.4]
["Pomar domestico",20,0.1,0.7,{"v":2,"d":"2.0"},{"v":14,"d":"14.0"}]
["Outras culturas temporárias",1,12.1,12.1,12.1,12.1]
["Feijao-de-corda",1,{"v":11,"d":"11.0"},{"v":11,"d":"11.0"},{"v":11,"d":"11.0"},{"v":11,"d":"11.0"}]
["Sorgo-forrageiro",1,{"v":10,"d":"10.0"},{"v":10,"d":"10.0"},{"v":10,"d":"10.0"},{"v":10,"d":"10.0"}]
["Amora (ou amora-preta)",2,2.4,4.8,7.2,9.6]
["Milho-doce(verde)",5,0.5,1.9,{"v":3,"d":"3.0"},9.5]
["Outras florestais",3,0.6,{"v":2.93,"d":"2.9"},7.2,8.8]
["Mandioca",15,0.1,{"v":0.45,"d":"0.5"},{"v":1,"d":"1.0"},6.8]
["Pimentao",22,0.1,{"v":0.29,"d":"0.3"},{"v":1,"d":"1.0"},6.4]
["Pepino",20,0.1,{"v":0.28,"d":"0.3"},1.5,5.5]
["Abobora (ou jerimum)",15,0.1,{"v":0.36,"d":"0.4"},{"v":1,"d":"1.0"},5.4]
["Tomate envarado",9,0.1,{"v":0.38,"d":"0.4"},{"v":2,"d":"2.0"},3.4]
["Anona (fruta-do-conde, ou pinha, ou atemoia)",1,2.5,2.5,2.5,2.5]
["Laranja Mercado",1,2.5,2.5,2.5,2.5]
["Alface",7,0.1,{"v":0.36,"d":"0.4"},{"v":1,"d":"1.0"},2.5]
["Quiabo",4,0.5,0.5,0.5,{"v":2,"d":"2.0"}]
["Maracuja",5,0.1,{"v":0.38,"d":"0.4"},{"v":1,"d":"1.0"},1.9]
["Jilo",2,0.5,{"v":0.75,"d":"0.8"},{"v":1,"d":"1.0"},1.5]
["Abacaxi (ou ananas)",1,{"v":1,"d":"1.0"},{"v":1,"d":"1.0"},{"v":1,"d":"1.0"},{"v":1,"d":"1.0"}]
["Beterraba",1,{"v":1,"d":"1.0"},{"v":1,"d":"1.0"},{"v":1,"d":"1.0"},{"v":1,"d":"1.0"}]
["Abacate",1,0.5,0.5,0.5,0.5]
["Berinjela",1,0.5,0.5,0.5,0.5]
["Chicoria (ou chicoria-de-folha-crespa)",1,0.5,0.5,0.5,0.5]
["Feijao-guandu (ou guandu, ou andu)",1,0.5,0.5,0.5,0.5]
["Couve (ou couve-crespa)",2,0.1,{"v":0.15,"d":"0.2"},0.2,0.3]
["Cacau",1,0.2,0.2,0.2,0.2]
["Cenoura",1,0.2,0.2,0.2,0.2]
["Tomate rasteiro",1,0.2,0.2,0.2,0.2]
["Outras frutiferas",1,0.1,0.1,0.1,0.1]
["Feijao-vagem (ou vagem, ou feijao-verde)",1,0.1,0.1,0.1,0.1]
["Fonte: Secretaria de Agricultura e Abastecimento, CDRS/IEA, Projeto LUPA."]